000
00255nam a22001097a 4500
082
_a
747.88 GER'D
100
_a
HATJE, URSULA,GERD
_9
57221
245
_a
DESIGN FOR MODERN LIVING
260
_a
LONDON
_b
THOMAS & HUDSON
_c
1962
300
_a
318P
942
_c
BK
999
_c
567514
_d
567514